| 000 | 00632cam a22002173a 4500 | ||
|---|---|---|---|
| 001 | 32105 | ||
| 003 | PGUSA | ||
| 005 | 20140828083708.0 | ||
| 008 | 100423s2010||||xxu|||||s|||||000 | eng d | ||
| 040 |
_aPGUSA _beng |
||
| 042 | _adc | ||
| 050 | 4 | _aAP | |
| 245 | 1 | 0 |
_aBelford's Magazine, Vol 2, December 1888 _h[electronic resource] / _cVarious |
| 260 |
_bProject Gutenberg, _c2010 |
||
| 506 | _aPublic domain in the USA. | ||
| 516 | _aElectronic text | ||
| 653 | _aUnited States -- Politics and government -- Periodicals | ||
| 830 | 0 |
_aProject Gutenberg _v32105 |
|
| 856 | 4 | 0 | _uhttp://www.gutenberg.org/ebooks/32105 |
| 942 | _cEB | ||
| 999 |
_c261360 _d261360 |
||